Tank quiz - Statistics

General Stats
  • This quiz has been taken 365 times
  • The average score is 9 of 25
Answer Stats
Picture Answer % Correct
T-34
92%
Panzer VIII Maus
87%
Panzer IV
56%
Churchill MK IV
55%
T-90
47%
Centurion A41
41%
T-55
41%
M4A2E8 Sherman
38%
T-14 Armata
38%
Char B1
37%
T-80
35%
Bmp-1
32%
Challenger 2
31%
M113
30%
Panzer VI Tiger I
29%
M56 Scorpion
28%
M1A1 Abrams
27%
Amx-30
25%
Leopard 2A6
25%
M48 Patton
25%
M2 Bradley
14%
BMPT Terminator
8%
Chieftain MK10
7%
Kanonenjagdpanzer
6%
Carro armato M13/40
5%
No matching quizzes found
Score Distribution
Percent of People with Each Score
Percentile by Number Answered
Your Score History
You have not taken this quiz